| 000 | 01028nam a2200217 u 4500 | ||
|---|---|---|---|
| 001 | 000020280 | ||
| 005 | 20240705073646.0 | ||
| 008 | 100802s2015 dr r 000 0 spa d | ||
| 020 | _a9789945897081 | ||
| 040 |
_aDO-SdBNP _bspa _cBNPHU |
||
| 082 |
_axxx _bxxx |
||
| 100 | 1 |
_aHostos, Eugenio María de, _d1839-1903 _91352 |
|
| 245 | 1 | 0 |
_aLecciones de derecho constitucional / _cEugenio María de Hostos ; coordinador Justo Pedro Castellano Khoury : edición Leanor Tejada. |
| 260 |
_aSanto Domingo : _bTribunal Cosntitucional de la República Dominicana, _c2015. |
||
| 300 |
_a434 p. ; _c24 cm. |
||
| 490 | 1 | _aClásicos de derecho constitucional | |
| 505 | 0 | _aPalabras del magistrado presidente Dr. Milto Ray Guevara -- Primera parte : Idea definiciones, sujeto y objeto de la ciencia --Segunda Parte : Base de constitución -- Tercera parte: Constitución del Estado. | |
| 700 | 1 | 2 |
_aTejada, Leanor _942912 |
| 700 | 1 | 2 |
_aCastellano Khoury, Justo Pedro _ecoordinador _942913 |
| 830 | 0 |
_aClásicos de derecho constitucional _942914 |
|
| 999 |
_c19784 _d19784 |
||